| 000 | 00775nam a2200253 i 4500 | ||
|---|---|---|---|
| 001 | 75922 | ||
| 003 | ES-MaACL | ||
| 005 | 20250822032135.0 | ||
| 007 | t| | ||
| 008 | 040928s1962 sp |||| | spa d | ||
| 080 | _a28:1 | ||
| 080 | _a159.922.6 | ||
| 100 | 1 |
_aGuardini, Romano. _960319 |
|
| 245 | 1 | 3 |
_aLa aceptación de sí mismo _b; Las edades de la vida / _cRomano Guardini. |
| 246 | 3 | 0 | _aEdades de la vida |
| 260 |
_a[Madrid] : _bGuadarrama, _c[1962] |
||
| 300 |
_a162 p. ; _c19 cm. |
||
| 490 | 1 |
_aCristianismo y hombre actual ; _v31 |
|
| 650 | 0 | 7 |
_aFilosofía cristiana _2embne _912834 |
| 650 | 0 | 7 |
_aPsicología evolutiva _2embne _916563 |
| 830 | 0 | 0 |
_aCristianismo y hombre actual _v31 _9181461 |
| 852 |
_aES-MaACL _jC-21098 |
||
| 999 |
_c75922 _d75922 |
||